Memphis Grizzlies 2024-2025 Roster - Statistics

General Stats
  • This quiz has been taken 102 times
    34 since last reset
  • The average score is 12 of 17
Answer Stats
Jersey # Answer % Correct
12 Ja Morant
100%
13 Jaren Jackson Jr
100%
22 Desmond Bane
88%
45 GG Jackson II
88%
14 Zach Edey
88%
0 Jaylen Wells
81%
1 Scotty Pippen Jr
81%
5 Vince Williams Jr
81%
7 Santi Aldama
73%
46 John Konchar
69%
15 Brandon Clarke
65%
10 Luke Kennard
62%
30 Jay Huff
54%
24 Cam Spencer
50%
35 Marvin Bagley
50%
17 Yuki Kawamura
42%
18 Lamar Stevens
23%
No matching quizzes found
Score Distribution
Percent of People with Each Score
Percentile by Number Answered
Your Score History
You have not taken this quiz since the last reset